[Event "GER-ch U08"]
[Site "Willingen"]
[Date "2024.05.22"]
[Round "2"]
[White "Shtogrin, Joseph Stephan"]
[Black "Weis, Robert"]
[Result "0-1"]
[WhiteElo "1251"]
[BlackElo "1082"]
[PlyCount "96"]
[EventDate "2024.05.22"]
[EventType "swiss"]
[EventRounds "7"]
[EventCountry "GER"]
[SourceTitle "CB27_2024"]
[SourceDate "2024.07.03"]
[SourceVersion "1"]
[SourceVersionDate "2024.07.03"]
[SourceQuality "1"]

1. d4 d5 2. Bf4 c5 3. e3 Nc6 4. c3 Nf6 5. Nf3 Bg4 6. Be2 e6 7. 0-0 cxd4 8. cxd4 Be7 9. Ne5 Bxe2 10. Qxe2 0-0 11. Nxc6 bxc6 12. Nd2 Qb6 13. Nf3 Ne4 14. Ne5 Rad8 15. Rac1 c5 16. f3 Nf6 17. Nd3 cxd4 18. Bc7 Qa6 19. Bxd8 Rxd8 20. Rc7 Bd6 21. Rxf7 Qxa2 22. Rb7 dxe3 23. Qxe3 d4 24. Qe2 Rf8 25. Re1 Re8 26. Nc1 Qd5 27. Rb5 Qc6 28. Rb3 Bc5 29. Kh1 Nd5 30. Qb5 Qc8 31. Qb7 Qxb7 32. Rxb7 Rc8 33. Rxe6 Bb4 34. Nd3 Nf4 35. Ne1 Nxe6 36. Rxb4 Rc1 37. Kg1 Rxe1+ 38. Kf2 Ra1 39. Rb8+ Kf7 40. Kg3 d3 41. Kg4 d2 42. Kf5 d1Q 43. Rb7+ Kg8 44. Kxe6 Ra6+ 45. Ke7 Qd6+ 46. Ke8 Qf8+ 47. Kd7 Rd6+ 48. Kc7 Qd8# 0-1

[Event "GER-ch U08"]
[Site "Willingen"]
[Date "2024.05.22"]
[Round "1"]
[White "Weis, Robert"]
[Black "Schimming, Wilhelm"]
[Result "1/2-1/2"]
[WhiteElo "1082"]
[BlackElo "1242"]
[PlyCount "109"]
[EventDate "2024.05.22"]
[EventType "swiss"]
[EventRounds "7"]
[EventCountry "GER"]
[SourceTitle "CB27_2024"]
[SourceDate "2024.07.03"]
[SourceVersion "1"]
[SourceVersionDate "2024.07.03"]
[SourceQuality "1"]

1. Nf3 d5 2. c4 d4 3. d3 c5 4. Bf4 e6 5. Nbd2 Bd6 6. Bxd6 Qxd6 7. Ne4 Qb6 8. Qd2 Ne7 9. g3 0-0 10. Bg2 h6 11. Qc2 Nbc6 12. 0-0 f5 13. Nd6 Qc7 14. Nb5 Qb6 15. a3 a6 16. Nd6 Qc7 17. Nxc8 Raxc8 18. Qb3 Ng6 19. h3 Rce8 20. e3 dxe3 21. fxe3 Qxg3 22. Qxb7 Nce5 23. Nxe5 Nxe5 24. d4 Qxe3+ 25. Kh1 Qxd4 26. Qxa6 Nxc4 27. b3 Ne3 28. Rg1 Nxg2 29. Qb7 Qd5 30. Qxd5 exd5 31. Rxg2 Re3 32. Rd2 d4 33. Rc1 Rxh3+ 34. Kg2 Rxb3 35. Rxc5 g6 36. Rxd4 Rxa3 37. Rc6 Rb8 38. Rd2 Kh8 39. Rxg6 Rg8 40. Rxg8+ Kxg8 41. Rd5 f4 42. Rf5 f3+ 43. Rxf3 Rxf3 44. Kxf3 Kg7 45. Kg2 Kg6 46. Kh1 Kh5 47. Kg1 Kg4 48. Kg2 h5 49. Kh2 h4 50. Kg2 h3+ 51. Kh2 Kh4 52. Kh1 Kg3 53. Kg1 h2+ 54. Kh1 Kf2 55. Kxh2 1/2-1/2